Inteligentné zariadenia zvýšia úžitok zo strojov

Rastúca konkurencia, neisté ceny výrobných vstupov vrátane ľudskej práce a poriadok tlačia firmy k využitiu digitálneho riadenia a nových zariadení. Tie niekedy sú vnímané ako komplikácia, hoci ich najväčší prínos môže byť to, že procesy vo výrobe aj vývoji zjednodušia a tým aj zrýchlia a zlacnia.

Salvato in:
Dettagli Bibliografici
Autore principale: Rifaiová, Daniela
Natura: Capitolo di libro
Lingua:slovacco
Soggetti:
Tags: Aggiungi Tag
Nessun Tag, puoi essere il primo ad aggiungerne!!

MARC

LEADER 00000naa a2200000 4500
001 0248637
005 20221104112324.3
041 0 |a slo 
044 |a SK 
245 1 0 |a Inteligentné zariadenia zvýšia úžitok zo strojov  |c Daniela Rifaiová 
520 |a Rastúca konkurencia, neisté ceny výrobných vstupov vrátane ľudskej práce a poriadok tlačia firmy k využitiu digitálneho riadenia a nových zariadení. Tie niekedy sú vnímané ako komplikácia, hoci ich najväčší prínos môže byť to, že procesy vo výrobe aj vývoji zjednodušia a tým aj zrýchlia a zlacnia. 
610 2 0 |a inteligencia umelá 
610 2 0 |a procesy podnikové 
610 2 0 |a konkurencia 
610 2 0 |a technológie informačné 
610 2 0 |a technológie komunikačné 
610 2 0 |a technológie nové 
610 2 0 |a digitalizácia 
610 2 0 |a znižovanie nákladov 
100 1 |a Rifaiová, Daniela